[Event "Braga-ch"]
[Site "Guimaraes"]
[Date "2002.05.03"]
[Round "5.1"]
[White "Espirito Santo, Jose Carlos S"]
[Black "Vasconcelos, Luis Miguel Amaral"]
[Result "1/2-1/2"]
[WhiteElo "2110"]
[BlackElo "1860"]
[PlyCount "101"]
[EventDate "2002.04.19"]
[EventType "swiss"]
[EventRounds "8"]
[EventCountry "POR"]
[SourceTitle "EXT 2003"]
[Source "ChessBase"]
[SourceDate "2002.11.25"]
[SourceVersion "1"]
[SourceVersionDate "2002.11.25"]
[SourceQuality "1"]

1. e4 c6 2. d3 d5 3. Nd2 dxe4 4. dxe4 Nf6 5. Ngf3 Bg4 6. Bc4 e6 7. 0-0 Be7 8. Qe2 0-0 9. h3 Bxf3 10. Nxf3 Qc7 11. e5 Nd5 12. Qe4 Re8 13. Bd3 g6 14. Bh6 Nd7 15. Bc4 Bf8 16. Bxf8 Rxf8 17. a3 Qd8 18. h4 h5 19. Rad1 Nc5 20. Qe2 Qb6 21. Bxd5 cxd5 22. c3 Ne4 23. Rd4 a5 24. Ng5 Nxg5 25. hxg5 Rac8 26. g4 Qd8 27. Qe3 hxg4 28. Rxg4 Rc4 29. Rd4 Rxd4 30. cxd4 Kg7 31. Kg2 Rh8 32. Qf4 Rh5 33. Qf6+ Qxf6 34. gxf6+ Kh6 35. f4 Rh4 36. Kg3 g5 37. f5 exf5 38. Rxf5 Kg6 39. Rf3 Re4 40. Rd3 Kf5 41. b4 axb4 42. axb4 Ke6 43. Kf3 Kf5 44. b5 Ke6 45. Kg3 Kd7 46. Kf3 Kc7 47. Rc3+ Kb6 48. Rc8 Rxd4 49. Rf8 Re4 50. Rxf7 Rxe5 51. Kg4 1/2-1/2